Quiz sur le Calvados - Statistiques

Statistiques générales
  • Ce quiz a été pris 197 fois
  • Le résultat moyen est 15 sur 20
Statistiques - réponses
Question Réponse % Correct
Numéro du département 14
99%
Préfecture et plus grande ville Caen
99%
Région Normandie
99%
Pays relié au Calvados par le port d'Ouistreham. Royaume-Uni
95%
Manche
94%
Orne
93%
Seine-Maritime
91%
Départements limitrophes Eure
89%
Fromage AOP du Calvados (citez-en un) Camembert / Livarot / Pont-l’Évêque
87%
Station balnéaire renommée pour son casino et son festival international du cinéma américain. Deauville
86%
Sous-préfectures Bayeux
82%
Lisieux
72%
Roi d'Angleterre né à Falaise et enterré dans une abbaye de la préfecture. Guillaume le Conquérant
68%
Icone de la télévision française né dans le Calvados connu pour ses émissions Champs-Elysées ou Vivement Dimanche Michel Drucker
68%
Commune de l'estuaire de la Seine connue pour son vieux bassin qui inspira de nombreux peintres impressionnistes Honfleur
64%
Gentilé Calvadosiens
62%
Oeuvre d'art de plus de 68 mètres réalisée au XIème siècle et inscrite au patrimoine mondial de l'Unesco. Tapisserie de la reine Mathilde
62%
Vire Normandie
59%
Nombre d'habitants (arrondi à la dizaine de milliers d'habitants) 700 000 (694 056)
32%
Commune accueillant le plus célèbre des cimetières américains, juste au dessus de la plage du Débarquement de Omaha Beach. Colleville-sur-Mer
23%
Aucun quiz correspondant
Distribution des résultats
% des personnes avec chaque résultat
Percentile par nombre de réponses
Votre historique - résultats
Vous n’avez pas pris ce quiz